| 000 -LEADER |
| fixed length control field |
00622nam a2200229Ia 4500 |
| 001 - CONTROL NUMBER |
| control field |
2260 |
| 003 - CONTROL NUMBER IDENTIFIER |
| control field |
GE_BSU |
| 008 - FIXED-LENGTH DATA ELEMENTS--GENERAL INFORMATION |
| fixed length control field |
181216s||||||||xx |||||||||||||| ||und|| |
| 020 ## - INTERNATIONAL STANDARD BOOK NUMBER |
| International Standard Book Number |
9969520649 |
| 040 ## - CATALOGING SOURCE |
| Transcribing agency |
GE_BSU |
| 080 ## - UNIVERSAL DECIMAL CLASSIFICATION NUMBER |
| Universal Decimal Classification number |
616.145.11 |
| 100 ## - MAIN ENTRY--PERSONAL NAME |
| Personal name |
Lushchyk,U.B |
| 245 #4 - TITLE STATEMENT |
| Title |
THE „BLIND” DOPPLER for clinical intellectuals (Qualitative Assessment of Cerebral Dysgemia) |
| 260 ## - PUBLICATION, DISTRIBUTION, ETC. |
| Place of publication, distribution, etc. |
K |
| 260 ## - PUBLICATION, DISTRIBUTION, ETC. |
| Name of publisher, distributor, etc. |
Istyna |
| 260 ## - PUBLICATION, DISTRIBUTION, ETC. |
| Date of publication, distribution, etc. |
2005 |
| 300 ## - PHYSICAL DESCRIPTION |
| Extent |
240с.20cm. |
| 653 ## - INDEX TERM--UNCONTROLLED |
| Uncontrolled term |
THE „BLIND” DOPPLER for clinical intellectuals |
| 653 ## - INDEX TERM--UNCONTROLLED |
| Uncontrolled term |
Медицина. მედიცინა |
| 942 ## - ADDED ENTRY ELEMENTS (KOHA) |
| Koha item type |
წიგნი |